CBSE Expert Question Bank Mathematics Standard/ (Record no. 175155)

MARC details
000 -LEADER
fixed length control field 00706nam a22002057a 4500
005 - DATE AND TIME OF LATEST TRANSACTION
control field 20200811130639.0
010 ## - LCCN (DPL NO)
LC control number ENG-128338
020 ## - INTERNATIONAL STANDARD BOOK NUMBER
Terms of availability 499.00
International Standard Book Number 9789353946944
035 ## - SYSTEM CONTROL NUMBER
System control number EN-111870
037 ## - SOURCE OF ACQUISITION
Source of stock number/acquisition DBAD/PUB
082 ## - DEWEY DECIMAL CLASSIFICATION NUMBER
Classification number 510
245 ## - TITLE STATEMENT
Title CBSE Expert Question Bank Mathematics Standard/
Statement of responsibility, etc edited by Biswajit Das, Sonal Jain and Ashi Jain
260 ## - PUBLICATION, DISTRIBUTION, ETC. (IMPRINT)
Place of publication, distribution, etc New Delhi
Name of publisher, distributor, etc Pearson
Date of publication, distribution, etc 2021
270 ## - ADDRESS
Address 15th floor,Tower-B,Word Trade Tower,Plot no.1,Block-C sec 16,
City Noida
Postal code 201301
Telephone number 04466540100
Electronic mail address companysecretary.india@pearson.com
300 ## - PHYSICAL DESCRIPTION
Extent various pages.
Dimensions 24cm(pbk)
700 ## - ADDED ENTRY--PERSONAL NAME
Personal name Das,Biswajit
700 ## - ADDED ENTRY--PERSONAL NAME
Personal name Jain, Sonal
700 ## - ADDED ENTRY--PERSONAL NAME
Personal name Jain, Ashi
942 ## - ADDED ENTRY ELEMENTS (KOHA)
Source of classification or shelving scheme Dewey Decimal Classification
Item type English Books
Classification part 510
Call number suffix CBS
Holdings
Withdrawn status Lost status Not for loan Collection code Home library Current library Date acquired Source of acquisition Cost, normal purchase price Full call number Barcode Copy number Cost, replacement price Koha item type
      Non-fiction Sarojini Nagar Sarojini Nagar 11/08/2020 DBAD/PUB 499.00 510 CBS EN-111870 1 499.00 English Books

© Delhi Public Library
Hit Counter
free hit counter